000 00700cab a2200229 4500
001 ABS55085
008 090401t xxu||||| |||| 00| 0 eng d
035 _a(Sirsi) u14079
041 _aeng
245 _aConcessions on contaminated soil
350 _a0
490 _aENDS Report
_v(254) 30-32(3)
520 _aOutlines changes to landfill tax including concessions for contaminated soil and lower rates applicable to electricity generators, steel manufacturers and some in the chemical industries.
650 _aCONTAMINATED SOIL
650 _aDREDGING
650 _aLANDFILL TAX
650 _aTAX CONCESSIONS
690 _aLAND
690 _aTAXATION
942 _n0
948 _c04/03/1997
999 _c9129
_d9129